000
00261nam a2200109Ia 4500
008
200302s9999 xx 000 0 und d
100
_a
Hormoz Pazwash
245
_a
Urban Storm Water Management
260
_b
Taylor &Francis Group
260
_c
2011
300
_a
534
999
_c
5342
_d
5342